Naranja mecánica (Registro nro. 42974)

Detalles MARC
000 -ENCABEZADO
Número de control [NR] 02165nam a2200349Ia 4500
005 - FECHA Y HORA DE LA ÚLTIMA TRANSACCIÓN
control field 20140410171923.0
008 - DE LONGITUD FIJA DE DATOS DE ELEMENTOS - INFORMACIÓN GENERAL
Elementos de longitud fija [NR] 130821s2001 xxu g q lmul d
040 ## - FUENTE DE CATALOGACION [NR]
Agencia de catalogación original [NR] CO-BoUCM
Idioma de catalogación [NR] spa
Quien Cataloga
Quien Clasifica [Nuevo]
041 ## - CODIGO DE IDIOMA [R]
Código de idioma para texto/pista de sonido o título separado [R] Inglés
041 ## - CODIGO DE IDIOMA [R]
Código de idioma para texto/pista de sonido o título separado [R] Español
092 ## - SIGNATURA TOPOGRAFICA LOCAL
Número de clasificación local DVD 0008
245 00 - MENCION DE TITULO [NR]
Título [NR] Naranja mecánica
Mención de responsabilidad, etc. [NR] Stanley Kubrick, director
Medio físico [NR] [DVD]
260 ## - PUBLICACION, DISTRIBUCION, ETC. (PIE DE IMPRENTA) [R]
Lugar de publicación, distribución, etc. [R] Washington D.C. (Estados Unidos)
Nombre del editor, distribuidor, etc. [R] Warner Bross Inc.
Fecha de publicación, distribución, etc. [R] 2001
300 ## - DESCRIPCION FISICA [R]
Extensión [R] 1 DVD, 137 minutos
Otros detalles físicos [NR] sonido, imagen
500 ## - NOTA GENERAL [R]
Nota general [NR] SINOPSIS : Gran Bretaña, en un futuro indeterminado. Alex (Malcolm McDowell) es un joven hiperagresivo con dos pasiones: la ultraviolencia y Beethoven. Al frente de su banda, los drugos, los jóvenes descargan sus instintos más violentos pegando, violando y aterrorizando a la población. Cuando esa escalada de terror llega hasta el crimen, Alex es detenido y, en prisión, se someterá voluntariamente a una innovadora experiencia de reeducación que pretende anular drásticamente cualquier atisbo de conducta antisocial...
508 ## - NOTA DE CREDITOS DE CREACION/PRODUCCION [R]
Nota de créditos de creación/producción [NR] CRÉDITOS: Director, Stanley Kubrick; guion, Stanley Kubrick (Novela: Anthony Burgess); música, Ludwig van Beethoven, Gioacchino Rossini, Edward Elgar, Erika Eigen, Terry Tucker; fotografía, John Alcott
511 0# - NOTA DE PARTICIPANTE O INTERPRETE [R]
Nota de participante o intérprete [NR] REPARTO: Malcolm McDowell, Patrick Magee, Michael Bates, Warren Clarke, John Clive, Adrienne Corry, Carl Duering y James Marcus
546 ## - NOTA DE IDIOMA [R]
Nota de idioma [NR] Audio en Inglés y Francés. Subtítulos en Inglés, Francés, Portugués y Español
650 04 - ASIENTO SECUNDARIO DE MATERIA - TERMINO TEMATICO [R]
9 (RLIN) 51326
Término temático o nombre geográfico como elemento de entrada [NR] Películas cinematográficas
Subdivisión geográfica [R] Estados Unidos
Subdivisión de forma [R] DVD
650 04 - ASIENTO SECUNDARIO DE MATERIA - TERMINO TEMATICO [R]
Término temático o nombre geográfico como elemento de entrada [NR] Entretenimiento
9 (RLIN) 26487
650 04 - ASIENTO SECUNDARIO DE MATERIA - TERMINO TEMATICO [R]
Término temático o nombre geográfico como elemento de entrada [NR] Psicología criminal
Subdivisión de forma [R] DVD
9 (RLIN) 22805
650 04 - ASIENTO SECUNDARIO DE MATERIA - TERMINO TEMATICO [R]
Término temático o nombre geográfico como elemento de entrada [NR] Psicología
9 (RLIN) 8001
650 04 - ASIENTO SECUNDARIO DE MATERIA - TERMINO TEMATICO [R]
Término temático o nombre geográfico como elemento de entrada [NR] Violencia en el cine
Subdivisión de forma [R] DVD
9 (RLIN) 26277
650 04 - ASIENTO SECUNDARIO DE MATERIA - TERMINO TEMATICO [R]
Término temático o nombre geográfico como elemento de entrada [NR] Violencia
9 (RLIN) 422
700 1# - ASIENTO SECUNDARIO - NOMBRE PERSONAL [R]
Nombre personal [NR] Kubrick, Stanley
Fechas asociadas con el nombre [NR] 1928-1999
Término de relación [R] director
9 (RLIN) 51644
710 2# - ASIENTO SECUNDARIO - NOMBRE CORPORATIVO [R]
Nombre corporativo o de jurisdicción como elemento de entrada [NR] Warner Bross Inc.
9 (RLIN) 51645
765 ## - ASIENTO DE IDIOMA ORIGINAL [R]
Título [NR] A clockwork orange
830 ## - ASIENTO SECUNDARIO DE SERIE--TITULO UNIFORME [R]
Título uniforme [NR] Colección Rommismel.
9 (RLIN) 51646
856 ## - LOCALIZACION Y ACCESO ELECTRONICOS [R]
Nota dirigida al público [R] Ver el trailer
Identificador Uniforme del Recurso (“URI”) [R] <a href="http://www.youtube.com/watch?v=JT1oQmf8hHk">http://www.youtube.com/watch?v=JT1oQmf8hHk</a>
856 04 - LOCALIZACION Y ACCESO ELECTRONICOS [R]
Identificador Uniforme del Recurso (“URI”) [R] <a href="http://www.youtube.com/watch?v=JT1oQmf8hHk">http://www.youtube.com/watch?v=JT1oQmf8hHk</a>
Nota dirigida al público [R] Siga este vínculo para ver el trailer.
942 ## - ELEMENTOS DE ENTRADA AGREGADOS (KOHA)
Koha item type Multimedia
Source of classification or shelving scheme LOCAL
Tema principal Entretenimiento
Edition 1
Classification part DVD 0008
Existencias
Suprimido Perdido Sistema de clasificación Dañado No prestable Tipo de ítem específico Ubicación habitual Ubicación actual Localización Fecha de creación Forma de adquisición Costo Total préstamos Total Renewals Signatura topográfica Código de barras Última vez visto Fecha de último préstamo Ejemplar Price effective from Tipo de ítem
    LOCAL     DVD Claustro Claustro Colección digital 19/02/2013 Donación 26000.00 334 6 DVD 0008 100142502 10/12/2024 02/10/2023 Ej.2 03/02/2013 Multimedia
    LOCAL   Préstamo restringido DVD Procesos Técnicos (no para préstamo) Procesos Técnicos (no para préstamo) Procesos Técnicos 28/02/2004 Compra 80000.00 199   DVD 0008 100066129 04/12/2025 07/05/2012 Ej.1 03/02/2013 Multimedia